[Event "NG"]
[Site "http://www.queenalice.com/game.php?id=1420950"]
[Date "2016.5.3"]
[Round "-"]
[White "ulisses34"]
[Black "GiulioTorino"]
[Result "1-0"]
[WhiteElo "1762"]
[BlackElo "1932"]

1. e4 d5 2. e5 Nc6 3. d4 Bf5 4. Nf3 e6 5. Nc3 f6 6. exf6 Nxf6 7. a3 h6 8. Ne5
Nxe5 9. dxe5 Ng4 10. Bf4 Bc5 11. Bg3 h5 12. h3 h4 13. hxg4 Bh7 14. Bxh4 g5 15.
Bg3 Qe7 16. Nb5 O-O-O 17. Qd2 a6 18. Nd4 Bxd4 19. Qxd4 Bxc2 20. Rxh8 Rxh8 21.
Rc1 Bb3 22. Kd2 Bc4 23. Bxc4 dxc4 24. Qxc4 Rd8+ 25. Kc2 Qh7+ 26. Kb3 c6 27.
Qxe6+ Kb8 28. Qf5 Qe7 29. Qf6 Rd3+ 30. Ka2 Qe8 31. e6+ Ka8 32. Qf7 Qxf7 33. exf7
Rd8 34. Re1 1-0

[Event "Let's Play Chess!"]
[Site "http://www.queenalice.com/game.php?id=1421220"]
[Date "2016.5.4"]
[Round "-"]
[White "GiulioTorino"]
[Black "charles31"]
[Result "0-1"]
[WhiteElo "1850"]
[BlackElo "1823"]

1. d4 d5 2. c4 dxc4 3. Nc3 a6 4. Nf3 b5 5. Bf4 h6 6. e3 c6 7. Ne5 Nd7 8. Nxc6
Qb6 9. Qf3 Bb7 10. Nd5 Qxc6 11. e4 e6 12. Nc7+ Kd8 13. Nxa8 Bxa8 14. d5 exd5 15.
exd5 Qb6 16. Be3 Qd6 17. Rd1 Ngf6 18. Bf4 Qb4+ 19. Bd2 Qxb2 20. Bc3 Qc2 21. Rd2
Qb1+ 22. Qd1 Qe4+ 23. Qe2 Bc5 24. Qxe4 Re8 25. Qxe8+ Kxe8 0-1

[Event "Let's Play Chess!"]
[Site "http://www.queenalice.com/game.php?id=1421222"]
[Date "2016.5.4"]
[Round "-"]
[White "GiulioTorino"]
[Black "charles31"]
[Result "0-1"]
[WhiteElo "1833"]
[BlackElo "1840"]

1. e4 e5 2. Nf3 d6 3. Bc4 h6 4. c3 Nf6 5. Qb3 Qd7 6. d4 exd4 7. Nxd4 Nxe4 8. Nd2
Nxd2 9. Bxd2 Qe7+ 10. Kd1 Qf6 11. f3 Be7 12. Re1 O-O 13. Bd3 Bd7 14. Qxb7 Nc6
15. Nxc6 Bxc6 16. Qxc6 Rac8 17. Qd7 Rfe8 18. Kc2 Kf8 19. c4 Red8 20. Qg4 c5 21.
Re2 d5 22. Rae1 Rb8 23. b3 dxc4 24. Bxc4 Rd4 25. Qg3 Bd6 0-1

[Event "christine - 144"]
[Site "http://www.queenalice.com/game.php?id=1421257"]
[Date "2016.5.5"]
[Round "-"]
[White "GiulioTorino"]
[Black "christine91"]
[Result "1-0"]
[WhiteElo "1895"]
[BlackElo "1382"]

1. Nf3 Nf6 2. d4 e6 3. c4 d6 4. Nc3 Be7 5. b3 O-O 6. Bb2 Nbd7 7. e3 c6 8. Bd3
Nb6 9. h4 d5 10. c5 Nbd7 11. h5 h6 12. Nh4 Ne4 13. g3 Bg5 14. Nxe4 dxe4 15. Bxe4
f5 16. Bd3 Bxh4 17. gxh4 f4 18. Qg4 Nf6 19. Qxf4 Nxh5 20. Qg4 Nf6 21. Qg2 Qe7
22. e4 Nh5 23. Bc1 Kh8 24. Be2 Nf4 25. Bxf4 Rxf4 26. O-O-O Bd7 27. e5 Raf8 28.
Qg6 Be8 29. Qg3 Rxf2 30. Bd3 b6 31. Rhf1 Rxf1 32. Rxf1 Rxf1+ 33. Bxf1 bxc5 34.
dxc5 Qxc5+ 35. Bc4 Qa3+ 36. Kb1 1-0

[Event "christine - 146"]
[Site "http://www.queenalice.com/game.php?id=1421259"]
[Date "2016.5.5"]
[Round "-"]
[White "GiulioTorino"]
[Black "christine91"]
[Result "0-1"]
[WhiteElo "1934"]
[BlackElo "1902"]

1. d4 d5 2. c4 Nf6 3. Nc3 e6 4. Nf3 Bb4 5. a3 Bxc3+ 6. bxc3 O-O 7. Bg5 Nbd7 8.
e3 Qe8 9. Qc2 Ne4 10. Bf4 c6 11. Bd3 f5 12. h4 b6 13. h5 Ndf6 14. h6 g6 15. Ne5
Bb7 16. f3 Nd7 17. fxe4 fxe4 18. Be2 Nf6 19. Ng4 a5 20. Be5 Nxg4 21. Bxg4 c5 22.
Ke2 Ba6 23. Raf1 Bxc4+ 24. Ke1 Rxf1+ 25. Rxf1 Bxf1 26. Kxf1 Rc8 27. Qf2 Qd7 28.
Ke2 Rf8 29. Qh4 Qb5+ 30. Kd2 Qb2+ 31. Ke1 Qxc3+ 32. Kd1 Rf1+ 33. Ke2 Qd3# 0-1

[Event "christine - 147"]
[Site "http://www.queenalice.com/game.php?id=1421260"]
[Date "2016.5.5"]
[Round "-"]
[White "christine91"]
[Black "GiulioTorino"]
[Result "0-1"]
[WhiteElo "1916"]
[BlackElo "1918"]

1. Nc3 e5 2. e4 b6 3. d3 Bb7 4. Nf3 d6 5. Be2 Nd7 6. O-O h6 7. Nd5 Ne7 8. c4
Nxd5 9. cxd5 c6 10. b3 cxd5 11. exd5 Bxd5 12. Ne1 Nf6 13. f4 Bc6 14. fxe5 dxe5
15. Bf3 Rc8 16. Bxc6+ Rxc6 17. Bb2 Bc5+ 18. Kh1 Bd4 19. Bxd4 Qxd4 20. Nf3 Qd5
21. Nxe5 Re6 22. d4 O-O 23. Rc1 Rd8 24. Nf3 Ng4 25. Qd2 f6 26. Qf4 Ne3 27. Rfe1
Rde8 28. Rc7 Nxg2 29. Rxe6 Nxf4 0-1

[Event "christine - 149"]
[Site "http://www.queenalice.com/game.php?id=1421261"]
[Date "2016.5.5"]
[Round "-"]
[White "christine91"]
[Black "GiulioTorino"]
[Result "0-1"]
[WhiteElo "1380"]
[BlackElo "1897"]

1. Nc3 d5 2. d4 c6 3. Nf3 Bg4 4. e3 Nf6 5. Be2 e6 6. O-O Bd6 7. Ne5 Bxe2 8. Qxe2
Nbd7 9. f4 h6 10. Bd2 Qb6 11. Rab1 Ne4 12. Nxe4 dxe4 13. c3 c5 14. Nc4 Qc7 15.
Ne5 cxd4 16. exd4 Qb6 17. Qxe4 Nf6 18. Qe2 Nd5 19. Kh1 Bxe5 20. fxe5 O-O-O 21.
Rxf7 Qa6 22. Qxa6 bxa6 23. Rxa7 Rhf8 24. Kg1 Nb6 25. b3 Nd7 26. Rxa6 Nxe5 27.
Bxh6 Nf3+ 28. gxf3 gxh6 29. Kf2 Rf6 30. Rg1 Kb7 31. Ra4 Rdf8 32. Rg3 Kc6 33.
Ra6+ Kd5 34. a4 e5 0-1

[Event "Let's Play Chess!"]
[Site "http://www.queenalice.com/game.php?id=1421264"]
[Date "2016.5.4"]
[Round "-"]
[White "paolop69"]
[Black "GiulioTorino"]
[Result "0-1"]
[WhiteElo "1742"]
[BlackElo "1909"]

1. e4 d5 2. d3 dxe4 3. dxe4 Qxd1+ 4. Kxd1 Nc6 5. c3 Nf6 6. f3 g5 7. Bxg5 Rg8 8.
Bxf6 exf6 9. Ne2 f5 10. Nd2 fxe4 11. Nxe4 Be7 12. Nd4 Nxd4 13. cxd4 Be6 14. b3
O-O-O 15. Bd3 Rxd4 16. Ke2 f5 17. Ng3 Rgd8 18. Rhd1 Ba3 19. Bxf5 Bxf5 20. Nxf5
Re8+ 21. Ne7+ Rxe7+ 22. Kf2 Bc5 0-1

[Event "noobs"]
[Site "http://www.queenalice.com/game.php?id=1421405"]
[Date "2016.5.5"]
[Round "-"]
[White "kamicrazy"]
[Black "GiulioTorino"]
[Result "0-1"]
[WhiteElo "1447"]
[BlackElo "1893"]

1. Nc3 e5 2. Nf3 Nc6 3. d4 Nf6 4. Nxe5 Bb4 5. e3 Ne4 6. Qd3 d5 7. a3 Nxe5 8.
dxe5 Ba5 9. b4 Nxc3 10. Qxc3 Bb6 11. Bd3 d4 12. Qc4 Be6 13. Qb5+ c6 14. Qa4 dxe3
15. fxe3 Bd5 16. e4 Be6 17. b5 Qd4 18. bxc6 Qxa4 0-1

[Event "noobs"]
[Site "http://www.queenalice.com/game.php?id=1421406"]
[Date "2016.5.5"]
[Round "-"]
[White "GiulioTorino"]
[Black "kamicrazy"]
[Result "0-1"]
[WhiteElo "1880"]
[BlackElo "1436"]

1. Nf3 d5 2. c4 Nf6 3. cxd5 Nxd5 4. e4 Nb4 5. a3 N4c6 6. Nc3 Na5 7. Qa4+ c6 8.
Bc4 b5 9. Nxb5 cxb5 10. Bxb5+ Bd7 11. Nd4 a6 12. Bxd7+ Nxd7 13. d3 e5 14. Nc6
Nxc6 15. Qxc6 Bc5 16. O-O O-O 17. Be3 Rc8 18. Qxa6 Qb6 19. Qxb6 Nxb6 20. b4 Bxe3
21. fxe3 Rc3 22. Rfd1 Na4 23. Kf2 Nb2 24. Rd2 Nxd3+ 25. Ke2 Nc1+ 26. Kd1 Nb3 0-1

[Event "OS INCLIVEIS"]
[Site "http://www.queenalice.com/game.php?id=1421615"]
[Date "2016.5.5"]
[Round "-"]
[White "adelio"]
[Black "GiulioTorino"]
[Result "1-0"]
[WhiteElo "1704"]
[BlackElo "1737"]

1. d4 d5 2. e4 dxe4 3. Nc3 f5 4. h4 Nf6 5. Be2 e6 6. h5 Nc6 7. Be3 h6 8. Nh3 Bd6
9. Bf4 Nd5 10. Nxd5 Nb4 11. Bxd6 Qxd6 12. Nxb4 Qxb4+ 13. Qd2 Qxb2 14. O-O Qb6
15. Nf4 Bd7 16. Rab1 Qc6 17. Bb5 Qd6 18. Bxd7+ Qxd7 19. Rxb7 O-O 20. Ng6 Rfb8
21. Rfb1 Rd8 22. Qb4 Qd6 23. Ne7+ Kf8 24. Rxc7 Ke8 25. Qb5+ 1-0

[Event "OS INCLIVEIS"]
[Site "http://www.queenalice.com/game.php?id=1421616"]
[Date "2016.5.5"]
[Round "-"]
[White "GiulioTorino"]
[Black "adelio"]
[Result "1-0"]
[WhiteElo "1720"]
[BlackElo "1628"]

1. d4 d5 2. c4 e6 3. Nc3 Be7 4. Nf3 Nc6 5. e3 h5 6. c5 h4 7. h3 g5 8. Bd2 Nh6 9.
a3 g4 10. Nh2 e5 11. Nxg4 Nxg4 12. hxg4 exd4 13. Nxd5 Bxc5 14. e4 Ne5 15. Be2 d3
16. Bf3 Bxf2+ 17. Kxf2 c6 18. Nf4 Qd4+ 19. Be3 Qxb2+ 20. Qd2 Qxd2+ 21. Bxd2
Nxg4+ 22. Bxg4 Bxg4 23. Nh3 O-O-O 24. Ng5 Rdf8 25. e5 f6 26. exf6 Rxf6+ 27. Ke3
Be2 28. Ne4 Re8 29. Kd4 Rfe6 30. Nc5 Rd6+ 31. Kc3 Rd5 32. Nb3 a5 33. Rxh4 Kb8
34. a4 c5 35. Nxa5 b6 36. Rb1 Rd6 37. Bf4 Rd8 38. Rxb6+ Kc7 39. Rc6+ Kb8 40.
Bxd6+ Rxd6 41. Rxd6 Bf1 42. Rd7 Kc8 43. Rg7 Bxg2 44. Rh8# 1-0

[Event "Let's Play Chess!"]
[Site "http://www.queenalice.com/game.php?id=1422251"]
[Date "2016.5.10"]
[Round "-"]
[White "paolop69"]
[Black "GiulioTorino"]
[Result "1-0"]
[WhiteElo "1728"]
[BlackElo "1917"]

1. e4 e5 2. Nf3 Nc6 3. c3 Nf6 4. d3 d5 5. Nbd2 Bc5 6. h3 Ne7 7. Nb3 Bb6 8. Be2
O-O 9. Nxe5 dxe4 10. dxe4 Nxe4 11. Qxd8 Bxf2+ 12. Kf1 Rxd8 13. Bf4 Bg3 14. Bc4
Be6 15. Nc5 Bxc4+ 16. Nxc4 Bxf4 17. Nxe4 Ng6 18. g3 Be5 19. Nxe5 Nxe5 20. Ke2
Nc4 21. b3 Nb6 22. c4 Re8 23. Kf3 Nd7 24. Rhe1 1-0

[Event "Let's Play Chess!"]
[Site "http://www.queenalice.com/game.php?id=1422313"]
[Date "2016.5.10"]
[Round "-"]
[White "ulisses34"]
[Black "GiulioTorino"]
[Result "1-0"]
[WhiteElo "1828"]
[BlackElo "1817"]

1. e4 Nc6 2. d4 d5 3. e5 f6 4. Bf4 e6 5. Be2 fxe5 6. dxe5 g6 7. Nc3 Bg7 8. Nf3
Nh6 9. Nb5 a6 10. Nbd4 Bd7 11. Bg5 Ne7 12. Qd2 Nhf5 13. c3 h6 14. Nxf5 gxf5 15.
Bf4 Ng6 16. Bg3 Rf8 17. Qd4 f4 18. Qd3 fxg3 19. Qxg6+ Rf7 20. Qxg3 c6 21. Bd3
Kf8 22. Nh4 Kg8 23. Ng6 Qg5 24. Qxg5 hxg5 25. h4 Be8 26. h5 Rf4 27. Nxf4 gxf4
28. h6 Bf8 29. O-O-O c5 30. h7+ Kh8 31. c4 d4 32. f3 b5 33. Be4 Ra7 34. Bd3 Rb7
35. Rde1 Rg7 36. Rh2 Be7 37. b3 Bc6 38. Be4 Be8 39. Rg1 bxc4 40. g4 1-0